Predprinimatel'skije seti - novaja forma organizacii mežfirmennogo vzaimodejstvija.
Skúmanie novej pružnej formy výrobnej kooperácie - podnikateľských sietí, ktoré sa formujú pre plnenie konkrétnych strednodobých programov a zmlúv. Charakteristika odlišností od tradičných hierarchicky organizovaných štruktúr - korporácií, koncernov, finančných skupín. Popis národných špecifík podni...
Gespeichert in:
| 1. Verfasser: | |
|---|---|
| Weitere Verfasser: | |
| Format: | Buchkapitel |
| Sprache: | Russisch |
| Schlagworte: | |
| Tags: |
Keine Tags, Fügen Sie das erste Tag hinzu!
|
MARC
| LEADER | 00000naa a2200000 4500 | ||
|---|---|---|---|
| 001 | r006231 | ||
| 005 | 20221130103728.4 | ||
| 041 | 0 | |a rus | |
| 044 | |a [SU] | ||
| 245 | 1 | 0 | |a Predprinimatel'skije seti - novaja forma organizacii mežfirmennogo vzaimodejstvija. |c A. Sterlin, A. Ardišvili |
| 520 | |a Skúmanie novej pružnej formy výrobnej kooperácie - podnikateľských sietí, ktoré sa formujú pre plnenie konkrétnych strednodobých programov a zmlúv. Charakteristika odlišností od tradičných hierarchicky organizovaných štruktúr - korporácií, koncernov, finančných skupín. Popis národných špecifík podnikateľských sietí pôsobiacich v USA, Japonsku a západnej Európe. | ||
| 610 | 2 | 0 | |a spolupráca podnikov |
| 610 | 2 | 0 | |a kooperácia výroby |
| 610 | 2 | 0 | |a podnikanie |
| 610 | 2 | 0 | |a zmluvy hospodárske |
| 610 | 2 | 0 | |a štruktúra organizačná |
| 610 | 2 | 0 | |a USA |
| 610 | 2 | 0 | |a Japonsko |
| 610 | 2 | 0 | |a západná Európa |
| 100 | 1 | |a Sterlin, A. | |
| 700 | 1 | |a Ardišvili, A. | |